Wards of Kobe, Japan - Map Quiz - Statistics

General Stats
  • This quiz has been taken 38 times
  • The average score is 7 of 9
Answers on the Map
Answers color-coded by a green-red scale on the quiz's map according to % correct below.
 
Answer Stats
Wards % Correct
Kita
96%
Chuo
88%
Nishi
85%
Suma
73%
Tarumi
69%
Higashi Nada
65%
Hyogo
65%
Nada
65%
Nagata
65%
No matching quizzes found
Score Distribution
Percent of People with Each Score
Percentile by Number Answered
Your Score History
You have not taken this quiz